000 00507nam a22001932 4500
001 0000004167
005 20170406115618.0
008 140822s xx 000 0 eng d
020 _c$
040 _aYour Holding Symbol
_cYour Holding Symbol
100 1 _aCady,Edwin H.
245 1 0 _aStephen,CRANE.
250 _a ed.
260 _aNew york :
_bGrosset and Dunlap,
_c1962.
300 _a186 p. ;
_c cm.
504 _aindex.
650 0 _aamerican literature.
908 _a140822
999 _c4004
_d4004